Rezervy v rôznych druhoch účtovných jednotiek a ich účtovné zobrazenie diplomová práca

Na minha lista:
Detalhes bibliográficos
Autor principal: Bielik, Michal
Autor Corporativo: Fakulta hospodárskej informatiky EU. Katedra účtovníctva a audítorstva
Outros Autores: Kovalčíková, Antónia
Formato: Livro
Idioma:eslovaco
Publicado em: Bratislava 2010
Tags: Adicionar Tag
Sem tags, seja o primeiro a adicionar uma tag!

MARC

LEADER 00000nam$a2200000$$$4500
001 0118681
005 20240318123332.0
041 0 |a slo 
044 |a SK 
245 1 0 |a Rezervy v rôznych druhoch účtovných jednotiek a ich účtovné zobrazenie  |b diplomová práca  |c Michal Bielik ; škol. Antónia Kovalčíková 
264 1 |a Bratislava  |c 2010 
300 |a 77 s. 
100 1 |a Bielik, Michal 
700 1 |a Kovalčíková, Antónia 
710 2 |a Fakulta hospodárskej informatiky EU. Katedra účtovníctva a audítorstva